Sports Quiz

Random Sports or NHL Quiz

100 random NHL-players' teams Quiz Stats

 Plays Quiz not verified by Sporcle

Challenge
Share
Tweet
Embed
Score 0/100 Timer 10:00
0 Plays Today
Player Team % Correct
Alexander OvechkinWashington Capitals
77.6%
Zach PariseNew Jersey Devils
73.5%
Shane DoanPhoenix Coyotes
72%
Mike ModanoDallas Stars
71.5%
Drew DoughtyLos Angeles Kings
70.2%
Miikka KiprusoffCalgary Flames
70.1%
Jeff CarterPhiladelphia Flyers
69.7%
Marty TurcoDallas Stars
69.3%
Marian HossaChigago Blackhawks
68.7%
Paul StastnyColorado Avalanche
68.7%
Scott NiedermayerAnaheim Ducks
68.6%
Adam FooteColorado Avalanche
65.6%
Derek RoyBuffalo Sabres
65.5%
Brandon DubinskyNew York Rangers
65.1%
Evander KaneAtlanta Thrashers
63.6%
Tyler MyersBuffalo Sabres
62.3%
Loui ErikssonDallas Stars
62.3%
Cristobal HuetChigago Blackhawks
61.6%
Bill GuerinPittsburgh Penguins
61.4%
Marc-Edouard VlasicSan Jose Sharks
61.4%
Jordin TootooNashville Predators
61.4%
Chris PhillipsOttawa Senators
60.4%
Dan GirardiNew York Rangers
60.1%
Rob BlakeSan Jose Sharks
59.9%
Braydon CoburnPhiladelphia Flyers
58.8%
Sami SaloVancouver Canucks
58.8%
Tomas FleischmannWashington Capitals
58.5%
Daymond LangkowCalgary Flames
58.4%
Ed JovanovskiPhoenix Coyotes
58.2%
Josh HardingMinnesota Wild
57.9%
Brian ElliottOttawa Senators
57.9%
Alexander EdlerVancouver Canucks
57.9%
Zach BogosianAtlanta Thrashers
57.6%
Josh GorgesMontreal Canadiens
57.5%
Player Team % Correct
Wayne SimmondsLos Angeles Kings
57.3%
Brian LittleAtlanta Thrashers
56.6%
Richard ParkNew York Islanders
54.6%
Max PaciorettyMontreal Canadiens
54.1%
Dan HamhuisNashville Predators
53.8%
Cam BarkerChicago Blackhawks
53.4%
Tom PotiWashington Capitals
52.9%
Andrew FerenceBoston Bruins
52.6%
Guillaume LatendresseMinnesota Wild
52.3%
Jarkko RuutuOttawa Senators
52.2%
Jeff DeslauriersEdmonton Oilers
52.2%
Brian RafalskiDetroit Red Wings
51.6%
Tom GilbertEdmonton Oilers
51.4%
Valtteri FilppulaDetroit Red Wings
51.3%
Erik KarlssonOttawa Senators
50.4%
Mike ComrieEdmonton Oilers
50.1%
Jaroslav SpacekMontreal Canadiens
49.9%
Alexei PonikarovskyToronto Maple Leafs
49.1%
Michal NeuvirthWashington Capitals
48.5%
Thomas GreissSan Jose Sharks
47.3%
Carlo ColaiacovoSt. Louis Blues
47.2%
Lubomir VisnovskyEdmonton Oilers
46.9%
Denis GrebeshkovEdmonton Oilers
45.5%
Steve BernierVancouver Canucks
45.3%
R.J. UmbergerColumbus Blue Jackets
45%
Brent JohnsonPittsburgh Penguins
41.6%
Brian LeeOttawa Senators
41.1%
Shane O'BrienVancouver Canucks
41%
Cory StillmanFlorida Panthers
40.9%
Ian WhiteToronto Maple Leafs
40.7%
Matt GilroyNew York Rangers
40%
Brett LebdaDetroit Red Wings
39%
Blair BettsPhiladelphia Flyers
38.9%
Bruno GervaisNew York Islanders
38.3%
Player Team % Correct
Matt HunwickBoston Bruins
36.9%
Dmitry KulikovFlorida Panthers
35.6%
Chuck KobasewMinnesota Wild
35.3%
Ryan PotulnyEdmonton Oilers
33.6%
Sean O'DonnellLos Angeles Kings
33.3%
Jean-Francois JaqcuesEdmonton Oilers
32.6%
Brad RichardsonLos Angeles Kings
30.8%
Mark FistricDallas Stars
29.9%
Yann DanisNew Jersey Devils
29.4%
Jason StrudwickEdmonton Oilers
29.3%
Adam PardyCalgary Flames
29.2%
Davis DrewiskeLos Angeles Kings
28.4%
Mathieu CarleMontreal Canadiens
28.3%
Kamil KrepsFlorida Panthers
27.3%
Francis BouillonNashville Predators
26.9%
Kris RussellColumbus Blue Jackets
26.6%
Taylor ChorneyEdmonton Oilers
26.2%
Rickard WallinToronto Maple Leafs
26.1%
David KociColorado Avalanche
26%
Mathieu PerreaultWashington Capitals
24.5%
Jakub KindlDetroit Red Wings
23.9%
Karlis SkrastinsDallas Stars
23.5%
Jay HarrisonCarolina Hurricanes
22.9%
Clayton StonerMinnesota Wild
22.6%
Paul SzczechuraTampa Bay Lightning
22%
James VandermeerPhoenix Coyotes
21.8%
Christoph SchubertAtlanta Thrashers
18.3%
Matt HalischukNew Jersey Devils
16.2%
Brett CarsonCarolina Hurricanes
14.2%
Teemu LaaksoNashville Predators
14%
Jonas JunlandSt. Louis Blues
11.5%
Joe CallahanSan Jose Sharks
10.7%

You're not logged in!

Compare scores with friends on all Sporcle quizzes.
Join for Free
OR
Log In

You Might Also Like...

Show Comments

Extras

Created Jan 4, 2010ReportNominate
Tags:NHL Quiz, 100, player, team

Top Quizzes Today


Score Distribution

Your Account Isn't Verified!

In order to create a playlist on Sporcle, you need to verify the email address you used during registration. Go to your Sporcle Settings to finish the process.

Report this User

Report this user for behavior that violates our Community Guidelines.

Details: